Bugün gibi (Record no. 2616)

MARC details
000 -BAŞLIK
Sabit Uzunlukta Kontrol Alanı 00602na a2200205 4500
001 - KONTROL NUMARASI
Denetim Alanı 15001
003 - KONTROL NUMARASI IDENTIFIER
Denetim Alanı MIRAKIL
005 - SON İŞLEM TARİHİ VE ZAMANI
Denetim Alanı 20181213154904.0
008 - SABİT-BOY VERİ ELEMANLARI - GENEL BİLGİLER
Sabit Uzunlukta Kontrol Alanı 160902b tu 000 0
040 ## - KATALOGLAMA KAYNAK
Orijinal Kataloglama Ajansı Milas
Kataloglama Dili tur
Metne Dönüştürmek Ajansı TR-AnCHP
082 ## - DEWEY ONLU SINIFLANDIRMA NUMARASI
Sınıflandırma Numarası 923.5 Maruflu,S
Ürün Numarası M26b 2006
090 ## - SINIFLAMA NUMARASI
Sınıflama Numarası 923.5 Maruflu,S M26b 2006
100 ## - ANA GİRİŞ - KİŞİSEL İSİM
Kişisel Ad Maruflu, Selçuk
245 ## - BAŞLIK TABLOSU
Başlık Bugün gibi
Başlığın Kalan anılar, fikirler ve öneriler
Sorumluluk Tablosu, Vb Selçuk Maruflu
260 ## - YAYIN, DAĞITIM, VB
Yayın, Dağıtım, Vb Yeri [y.y]
Yayıncı, Dağıtıcı, Vs Adı [ yayl. y.]
Yayın, Dağıtım, Vb Tarihi 2008
300 ## - FİZİKSEL TANIM
Kapsam 614 s.
Diğer Fiziksel Ayrıntıları fotg.
Boyutlar 24 sm.
600 ## - KONU KATMA GİRİŞ - KURUMSAL ADI
Kişisel Ad Maruflu, Selçuk
Genel Alt Bölümü Anılar
650 ## - KONU KATMA GİRİŞ - TOPİKAL DÖNEM
Topikal Süreli Veya Coğrafi Ad Giriş Elemanı Milletvekilleri
Genel Alt Bölümü Anılar
Coğrafi Alt Bölümü Türkiye
942 ## - EKLENDİ GİRİŞ ELEMANLARI (KOHA)
Sınıflandırma Veya Raf Düzeni Kaynak Dewey Decimal Classification
Koha Öğesi Türü Books
999 ## - SİSTEM KONTROL NUMARALARI (KOHA)
Koha Biblionumber 2616
Koha Biblioitemnumber 2616
Holdings
Kalıcı Konum Mevcut Konum Edinme Tarihi Edinim Kaynak Toplam Check-Out'Lar Tam Çağrı Numarası Barkod Tarih Son Görülme İtibaren Geçerli Fiyatlar Koha Öğesi Türü
CHP Kütüphanesi CHP Kütüphanesi 09/02/2016 Bağış   923.5 Maruflu,S M26b 2006 002771 09/02/2016 09/02/2016 Books